Total Drama All Stars Elimination Order - Statistics

General Stats
  • This quiz has been taken 106 times
  • The average score is 13 of 14
Answer Stats
Answer % Correct
Lindsay
99%
Jo
94%
Lightning
94%
Heather
91%
Duncan
90%
Sam
90%
Gwen
88%
Mike
88%
Zoey
88%
Alejandro
87%
Cameron
87%
Courtney
87%
Scott
87%
Sierra
83%
No matching quizzes found
Score Distribution
Percent of People with Each Score
Percentile by Number Answered
Your Score History
You have not taken this quiz